Financial Management In The Sport Industry (Record no. 42915)
[ view plain ]
| 000 -LEADER | |
|---|---|
| fixed length control field | 00328nam a2200121Ia 4500 |
| 008 - FIXED-LENGTH DATA ELEMENTS--GENERAL INFORMATION | |
| fixed length control field | 241028s9999 xx 000 0 und d |
| 041 ## - LANGUAGE CODE | |
| Language code of text/sound track or separate title | eng |
| 082 ## - DEWEY DECIMAL CLASSIFICATION NUMBER | |
| Classification number | 338.477 WEB |
| 100 ## - MAIN ENTRY--PERSONAL NAME | |
| Personal name | Terry Webb |
| 245 ## - TITLE STATEMENT | |
| Title | Financial Management In The Sport Industry |
| 260 ## - PUBLICATION, DISTRIBUTION, ETC. | |
| Name of publisher, distributor, etc. | Larsen And Keller Education |
| Place of publication, distribution, etc. | USA |
| Date of publication, distribution, etc. | 2023 |
| 300 ## - PHYSICAL DESCRIPTION | |
| Extent | 241;. P. 28 cm |
| Withdrawn status | Lost status | Damaged status | Not for loan | Home library | Current library | Shelving location | Date acquired | Cost, normal purchase price | Full call number | Barcode | Date last seen | Cost, replacement price | Price effective from | Koha item type |
|---|---|---|---|---|---|---|---|---|---|---|---|---|---|---|
| IMTN | IMTN | Rack 11-B | 07/03/2024 | 13580.50 | 338.477 WEB | 33344 | 10/28/2024 | 157.00 | 10/28/2024 | Books |